Tilastot visalle Suomen kunnat, joissa on McDonalds

Klikkaa tästä pelataksesi tätä visaa!

Yleistilastot

  • Tätä visaa on pelattu 439 kertaa
    (136 viimeisimmän päivityksen jälkeen)
  • Keskiarvotulos 29 / 38

Vastaustilastot

Kunta% Oikein
Helsinki
100%
Espoo
99%
Tampere
99%
Oulu
98%
Turku
98%
Vantaa
98%
Jyväskylä
96%
Pori
95%
Kuopio
94%
Lahti
93%
Rovaniemi
93%
Vaasa
88%
Joensuu
87%
Lappeenranta
85%
Mikkeli
85%
Rauma
85%
Hämeenlinna
83%
Seinäjoki
83%
Kotka
82%
Kouvola
81%
Imatra
80%
Kokkola
80%
Porvoo
80%
Järvenpää
78%
Kerava
75%
Salo
75%
Hyvinkää
66%
Kirkkonummi
65%
Lohja
64%
Tuusula
64%
Nokia
62%
Riihimäki
62%
Tornio
57%
Raisio
53%
Pirkkala
41%
Pietarsaari
38%
Varkaus
38%
Kempele
36%

Tulosjakauma

Persentiili vastausten määrän mukaan

Jokaisen tuloksen saaneiden osuus

Tuloshistoriasi

Et ole pelannut tätä visaa sen viimeisimmän päivityksen jälkeen